000
00233nam a2200097Ia 4500
001
778727
005
20250826165931.0
008
250824s9999 xx 000 0 und d
245
0
_a
KÜRŞAD
_c
ORHAN YENİARAS
260
_b
PANAMA YAYINLARI
999
_c
778727
_d
778727